00678nam a2200241Ia 4500003000400000005001700004008004100021020001800062040001800080041000800098082002000106100001900126245007100145250001300216260005700229300003100286650002300317650002200340650001600362700002000378700002200398700001600420OSt20241030092232.0210716s2012 xx 000 0 und d a9788131761649 cAIMIT LIBRARY aeng a519.5211bRENB aRender, Barry. aQuantitative analysis for management /cBy Barry Render...[et.al]. a11th ed. aNew Delhi :bPrentice Hall of India Pvt Ltd ,c2012. axxii,665p. ;bPBc28.8 cm aDecision analysis  aRegression models aForecasting aStair, Ralph M. aHanna, Michael E. aBadri, T N.